Datum a čas kvízu
29
Celkem bodů
Celkový počet nahraných bodů na tomto kvízu bez doplňovacích otázek.
5.
Pořadí na kvízu
Konečné umístění týmu na tomto kvízu.
Zaznamenané odpovědi
| # | Otázka | Odpověď | Body | Výsledky |
|---|---|---|---|---|
| 1. | Vedení ČSSD zařadilo na čtvrté... | Petr Benda | 0 | |
| 2. | Berlínská čtvrť Zehlendorf se... | liška | 0 | |
| 3. | V úterý proběhl nominační veče... | Strážci (Watchmen) | 1 | |
| 4. | Další z tradičních výrobců fot... | Kodak | 1 | |
| 5. | V italském mimořádně obtížném... | Zdeněk Štybar | 0 | |
| 6. | V tomto tématu se blíže podívá... | C | 0 | |
| 7. | Tato mapa vyznačuje jistý kult... | Laponsko | 1 | |
| 8. | Jak se nazývá ostrov ležící 30... | Utøya | 0 | |
| 9. | Tento Švéd se v poslední době... | Epidemiolog. | 1 | |
| 10. | Tato běžkyně na lyžích se s ka... | Marit Bjørgenová | 0 |